[Event "Gibtelecom AmatWk2 8th"]
[Site "Gibraltar"]
[Date "2010.02.03"]
[Round "4.2"]
[White "Kuenitz, Klaus"]
[Black "Hannan, Peter"]
[Result "0-1"]
[WhiteElo "1755"]
[BlackElo "1752"]
[PlyCount "80"]
[EventDate "2010.01.31"]
[EventType "swiss"]
[EventRounds "5"]
[EventCountry "GGB"]
[SourceTitle "BritBase"]
[Source "www.saund.co.uk"]
[SourceDate "2018.02.10"]
[SourceVersion "1"]
[SourceVersionDate "2018.02.10"]
[SourceQuality "1"]

1. d4 Nf6 2. c4 g6 3. Nf3 Bg7 4. Bf4 Nh5 5. Bg5 c5 6. e3 Nc6 7. Be2 cxd4 8.
exd4 h6 9. Be3 d6 10. Qd2 Bd7 11. Nc3 Qa5 12. O-O Nf6 13. a3 Ng4 14. b4 Qd8 15.
b5 Na5 16. Rab1 Nxe3 17. Qxe3 O-O 18. b6 axb6 19. Nd5 Nc6 20. Nxb6 Ra5 21. Qd2
Rxa3 22. d5 Ne5 23. Nxe5 dxe5 24. Qb4 Ra7 25. Ra1 Rxa1 26. Rxa1 Bf5 27. g4 Be4
28. f3 Bc2 29. Kf1 e4 30. Ra2 exf3 31. Rxc2 fxe2+ 32. Rxe2 Bd4 33. c5 e5 34. d6
Qf6+ 35. Ke1 Qf4 36. Kd1 Qxg4 37. Nd5 Qg1+ 38. Re1 Qxh2 39. d7 Ra8 40. d8=Q+
Rxd8 0-1

[Event "Gibtelecom AmatWk2 8th"]
[Site "Gibraltar"]
[Date "2010.02.03"]
[Round "4.3"]
[White "Haddock, Paul"]
[Black "Candano Gonzalez, Alvaro"]
[Result "1/2-1/2"]
[WhiteElo "1793"]
[BlackElo "1540"]
[PlyCount "107"]
[EventDate "2010.01.31"]
[EventType "swiss"]
[EventRounds "5"]
[EventCountry "GGB"]
[SourceTitle "BritBase"]
[Source "www.saund.co.uk"]
[SourceDate "2018.02.10"]
[SourceVersion "1"]
[SourceVersionDate "2018.02.10"]
[SourceQuality "1"]

1. e4 c5 2. Nc3 g6 3. d3 Bg7 4. Bg5 Nc6 5. Nf3 Qa5 6. Bd2 b5 7. Nd5 b4 8. Rb1
e6 9. Nf4 Qxa2 10. Be2 Nge7 11. c3 bxc3 12. bxc3 Qa5 13. d4 d5 14. exd5 exd5
15. Nxd5 cxd4 16. Nxe7 Nxe7 17. cxd4 Qd8 18. Bb5+ Bd7 19. Qa4 Nf5 20. Bxd7+
Qxd7 21. Qxd7+ Kxd7 22. Rb7+ Kc6 23. Rxf7 Rhe8+ 24. Be3 Nxe3 25. fxe3 Bh6 26.
Ne5+ Kd5 27. Kd2 Ke4 28. Ng4 Bg5 29. Rxh7 Rab8 30. h4 Rb2+ 31. Kc3 Rxg2 32.
hxg5 Rxg4 33. Rxa7 Rxg5 34. Raa1 Rc8+ 35. Kd2 Rg2+ 36. Kd1 Kxe3 37. Re1+ Kxd4
38. Ra4+ Kd3 39. Ra3+ Rc3 40. Re3+ Kxe3 41. Rxc3+ Kf4 42. Ke1 g5 43. Kf1 Rd2
44. Ke1 Rh2 45. Kf1 g4 46. Rc4+ Kg3 47. Rc3+ Kh4 48. Kg1 Rd2 49. Kf1 Rb2 50.
Rd3 g3 51. Rd8 Rb4 52. Kg2 Rg4 53. Rh8+ Kg5 54. Rg8+ 1/2-1/2

[Event "Gibtelecom AmatWk2 8th"]
[Site "Gibraltar"]
[Date "2010.02.03"]
[Round "4.4"]
[White "Huba, Mark"]
[Black "Gallardo Ribot, Laura"]
[Result "1-0"]
[WhiteElo "1496"]
[BlackElo "1698"]
[PlyCount "67"]
[EventDate "2010.01.31"]
[EventType "swiss"]
[EventRounds "5"]
[EventCountry "GGB"]
[SourceTitle "BritBase"]
[Source "www.saund.co.uk"]
[SourceDate "2018.02.10"]
[SourceVersion "1"]
[SourceVersionDate "2018.02.10"]
[SourceQuality "1"]

1. Nf3 Nc6 2. d3 f5 3. Nbd2 e5 4. e4 f4 5. c3 Bc5 6. Nb3 Bb6 7. d4 d6 8. Bb5
Bd7 9. dxe5 dxe5 10. O-O Qf6 11. Qe2 Nge7 12. Nbd2 a6 13. Ba4 Ba7 14. Bb3 Qg6
15. Kh1 O-O-O 16. Bd5 Qh5 17. b4 g5 18. b5 Nb8 19. bxa6 Nxd5 20. axb7+ Kxb7 21.
exd5 g4 22. Rb1+ Kc8 23. Qxe5 Bf5 24. Nd4 Bxd4 25. cxd4 Rhe8 26. Qxf4 Bxb1 27.
Nxb1 Rxd5 28. Be3 Nc6 29. Nc3 Rf5 30. Qg3 Nb4 31. Rc1 Nd3 32. Nd5 Rf7 33. Rxc7+
Kd8 34. Qd6+ {(both scoresheets have errors but I think that is what happened)}
1-0

[Event "Gibtelecom AmatWk2 8th"]
[Site "Gibraltar"]
[Date "2010.02.03"]
[Round "4.5"]
[White "Coats, Jon R"]
[Black "Erdelyi, Adam"]
[Result "1-0"]
[WhiteElo "1696"]
[BlackElo "1000"]
[PlyCount "57"]
[EventDate "2010.01.31"]
[EventType "swiss"]
[EventRounds "5"]
[EventCountry "GGB"]
[SourceTitle "BritBase"]
[Source "www.saund.co.uk"]
[SourceDate "2018.02.10"]
[SourceVersion "1"]
[SourceVersionDate "2018.02.10"]
[SourceQuality "1"]

1. Nf3 c5 2. c4 Nf6 3. Nc3 Nc6 4. g3 e6 5. Bg2 Be7 6. O-O a6 7. d4 Nxd4 8. Nxd4
cxd4 9. Qxd4 Rb8 10. e4 d6 11. e5 dxe5 12. Qxe5 Bd7 13. Bf4 Rc8 14. Bxb7 Rxc4
15. Bxa6 Rc5 16. Qb8 O-O 17. Qxd8 Rxd8 18. Rfe1 Bc6 19. Re5 Nd5 20. Nxd5 Bxd5
21. a4 Rc2 22. Re2 Rc6 23. Bb5 Rb6 24. Bc7 Rxb5 25. Bxd8 Rb7 26. Bxe7 Rxe7 27.
b4 Rb7 28. b5 Bc4 29. Rc2 1-0

[Event "Gibtelecom AmatWk2 8th"]
[Site "Gibraltar"]
[Date "2010.02.03"]
[Round "4.6"]
[White "Raffo Sanchez, Luis"]
[Black "McGladdery, David G"]
[Result "1/2-1/2"]
[WhiteElo "1000"]
[BlackElo "1664"]
[PlyCount "44"]
[EventDate "2010.01.31"]
[EventType "swiss"]
[EventRounds "5"]
[EventCountry "GGB"]
[SourceTitle "BritBase"]
[Source "www.saund.co.uk"]
[SourceDate "2018.02.10"]
[SourceVersion "1"]
[SourceVersionDate "2018.02.10"]
[SourceQuality "1"]

1. c4 c6 2. Nc3 d5 3. e3 Nf6 4. Nf3 Bg4 5. Be2 e6 6. Ne5 Bxe2 7. Nxe2 Bd6 8.
Nf3 O-O 9. d3 Nbd7 10. a4 {(One scoresheet gives 10 b2 and the other 10 g6 but
this move is the only one consistent with later moves on both sheets)} Ne5 11.
Nxe5 Bxe5 12. d4 Bc7 13. c5 Ne4 14. O-O Qh4 15. Nf4 Bxf4 16. exf4 Qe7 17. b4 f5
18. Qc2 Nf6 19. Ra3 Ng4 20. Rb3 Rf6 21. h3 Nh6 22. Ra3 Raf8 {(both scoresheets
are completely and utterly incomprehensible! One score goes on to move 31)}
1/2-1/2

[Event "Gibtelecom AmatWk2 8th"]
[Site "Gibraltar"]
[Date "2010.02.03"]
[Round "4.7"]
[White "Foran, Barry"]
[Black "Poggio, Freddie"]
[Result "1-0"]
[WhiteElo "1416"]
[BlackElo "1640"]
[PlyCount "43"]
[EventDate "2010.01.31"]
[EventType "swiss"]
[EventRounds "5"]
[EventCountry "GGB"]
[SourceTitle "BritBase"]
[Source "www.saund.co.uk"]
[SourceDate "2018.02.10"]
[SourceVersion "1"]
[SourceVersionDate "2018.02.10"]
[SourceQuality "1"]

1. d4 Nf6 2. Nf3 g6 3. Nc3 d5 4. Bf4 a6 5. e3 Bg7 6. Be2 O-O 7. Ne5 c6 8. h4
Nbd7 9. h5 Nxe5 10. Bxe5 Nd7 11. Bxg7 Kxg7 12. hxg6 fxg6 13. Qd2 Rf7 14. e4 Qf8
15. e5 e6 16. O-O-O c5 17. Nxd5 exd5 18. e6 Re7 19. exd7 Bxd7 20. dxc5 Qxf2 21.
Qc3+ Qf6 22. Rxh7+ 1-0

[Event "Gibtelecom AmatWk2 8th"]
[Site "Gibraltar"]
[Date "2010.02.03"]
[Round "4.8"]
[White "Homer, Neil S"]
[Black "Albrecht, Franz"]
[Result "1/2-1/2"]
[WhiteElo "1704"]
[BlackElo "1546"]
[PlyCount "48"]
[EventDate "2010.01.31"]
[EventType "swiss"]
[EventRounds "5"]
[EventCountry "GGB"]
[SourceTitle "BritBase"]
[Source "www.saund.co.uk"]
[SourceDate "2018.02.10"]
[SourceVersion "1"]
[SourceVersionDate "2018.02.10"]
[SourceQuality "1"]

1. Nf3 d5 2. d4 Nf6 3. c4 e6 4. Nc3 c6 5. Bg5 Nbd7 6. e3 Qa5 7. Bxf6 Nxf6 8.
Nd2 Bb4 9. Qc2 Ne4 10. Ndxe4 dxe4 11. Be2 O-O 12. O-O f5 13. a3 Be7 14. b4 Qc7
15. c5 b6 16. Rfd1 b5 17. g3 Bd7 18. Bf1 Be8 19. Rd2 Bg6 20. Bg2 a6 21. a4 Bg5
22. Ne2 Rad8 23. Nf4 Bxf4 24. exf4 Bh5 1/2-1/2

[Event "Gibtelecom AmatWk2 8th"]
[Site "Gibraltar"]
[Date "2010.02.03"]
[Round "4.9"]
[White "Hebak, Thomas"]
[Black "Naldrett, Geoffrey William"]
[Result "0-1"]
[WhiteElo "1000"]
[BlackElo "1696"]
[PlyCount "150"]
[EventDate "2010.01.31"]
[EventType "swiss"]
[EventRounds "5"]
[EventCountry "GGB"]
[SourceTitle "BritBase"]
[Source "www.saund.co.uk"]
[SourceDate "2018.02.10"]
[SourceVersion "1"]
[SourceVersionDate "2018.02.10"]
[SourceQuality "1"]

1. d4 Nf6 2. c4 g6 3. Nc3 d5 4. Nf3 Bg7 5. cxd5 Nxd5 6. Nxd5 Qxd5 7. g3 c5 8.
Be3 cxd4 9. Bxd4 Qa5+ 10. Qd2 Qxd2+ 11. Kxd2 O-O 12. Bxg7 Kxg7 13. Bg2 Rd8+ 14.
Ke3 Nc6 15. Rhd1 Bf5 16. Nh4 Be6 17. Bxc6 bxc6 18. b3 Rd6 19. Nf3 c5 20. Ng5
Bd5 21. Ne4 Bxe4 22. Rxd6 exd6 23. Kxe4 Re8+ 24. Kd3 Kf6 25. e3 d5 26. Rc1 Rc8
27. b4 c4+ 28. Kd4 Ke6 29. a4 f5 30. h4 Kd6 31. Rc3 a6 32. f3 Rb8 33. b5 axb5
34. axb5 Rxb5 35. e4 dxe4 36. fxe4 fxe4 37. Kxe4 Rb3 38. Rxc4 Rxg3 39. Kf4 Rg1
40. Rc8 h5 41. Rg8 Ke6 42. Kf3 Kf7 43. Rb8 Rg4 44. Rb7+ Kg8 45. Rb8+ Kh7 46.
Rb7+ Kh6 47. Rb8 Rxh4 48. Kg3 Rg4+ 49. Kh3 Kg5 50. Rb5+ Kf4 51. Rb4+ Kf3 52.
Rb3+ Ke2 53. Rb2+ Kd3 54. Rb3+ Kc2 55. Rf3 g5 56. Rf2+ Kd3 57. Rf3+ Ke4 58. Ra3
Rf4 59. Ra4+ Kf5 60. Ra5+ Kg6 61. Ra6+ Rf6 62. Ra7 Rf4 63. Ra6+ Rf6 64. Ra5 h4
65. Kg4 Rf4+ 66. Kh3 Kh5 67. Kh2 Kg4 68. Ra3 Rf3 69. Ra4+ Rf4 70. Ra3 h3 71.
Rg3+ Kh5 72. Rxh3+ Kg4 73. Rg3+ Kf5 74. Kh3 Rh4+ 75. Kg2 Rg4 {(One of the
scoresheets indicates that White resigned here though the position is drawn
with best play. It is possible that the score is wrong at some point as both
scoresheets contained errors and it has been necessary to guess a couple of
moves)} 0-1

[Event "Gibtelecom AmatWk2 8th"]
[Site "Gibraltar"]
[Date "2010.02.03"]
[Round "4.10"]
[White "Bath, Tom"]
[Black "O'Connell, Denis"]
[Result "1-0"]
[WhiteElo "1424"]
[BlackElo "1599"]
[PlyCount "47"]
[EventDate "2010.01.31"]
[EventType "swiss"]
[EventRounds "5"]
[EventCountry "GGB"]
[SourceTitle "BritBase"]
[Source "www.saund.co.uk"]
[SourceDate "2018.02.10"]
[SourceVersion "1"]
[SourceVersionDate "2018.02.10"]
[SourceQuality "1"]

1. e4 d5 2. exd5 Nf6 3. Nf3 Bg4 4. h3 Bh5 5. g4 Bg6 6. d3 Qxd5 7. Nc3 Qe6+ 8.
Be3 Nd5 9. Nxd5 Qxd5 10. Bg2 Qa5+ 11. Nd2 c6 12. O-O e6 13. Nc4 Qc7 14. f4 h5
15. f5 exf5 16. gxf5 Bh7 17. Bf4 Qd8 18. Qe2+ Be7 19. Rae1 Bxf5 20. Bd6 Be6 21.
Rxf7 Bxf7 22. Bxe7 Qd7 23. Nd6+ Qxd6 24. Bxd6+ 1-0

[Event "Gibtelecom AmatWk2 8th"]
[Site "Gibraltar"]
[Date "2010.02.03"]
[Round "4.11"]
[White "Garcia, Mario"]
[Black "Reci, Nadja"]
[Result "1/2-1/2"]
[WhiteElo "1663"]
[BlackElo "1544"]
[PlyCount "88"]
[EventDate "2010.01.31"]
[EventType "swiss"]
[EventRounds "5"]
[EventCountry "GGB"]
[SourceTitle "BritBase"]
[Source "www.saund.co.uk"]
[SourceDate "2018.02.10"]
[SourceVersion "1"]
[SourceVersionDate "2018.02.10"]
[SourceQuality "1"]

1. e4 e5 2. Nf3 d6 3. d4 exd4 4. Nxd4 Be7 5. Bc4 Nf6 6. Qd3 O-O 7. Nc3 c5 8.
Nf3 Nc6 9. a3 a5 10. Bg5 Ne5 11. Nxe5 dxe5 12. Bxf6 Qxd3 13. Bxd3 Bxf6 14. Nd5
Bd8 15. a4 f5 16. f3 fxe4 17. Bxe4 Bf5 18. Nc3 Bxe4 19. Nxe4 b6 20. Ke2 Be7 21.
Rhd1 Rad8 22. Rxd8 Rxd8 23. Rd1 Rxd1 24. Kxd1 Kf7 25. Kd2 Ke6 26. Kd3 Kd5 27.
Nc3+ Ke6 28. b3 g5 29. Ke4 h6 30. Nd5 Bd8 31. Ne3 Be7 32. Ng4 h5 33. Nxe5 Bd6
34. Nc4 Bxh2 35. Nxb6 Bc7 36. Nd5 Be5 37. Ne3 Bf4 38. Kd3 Bxe3 39. Kxe3 Ke5 40.
c3 h4 41. b4 cxb4 42. cxb4 axb4 43. a5 Kd5 44. a6 Kc6 1/2-1/2

[Event "Gibtelecom AmatWk2 8th"]
[Site "Gibraltar"]
[Date "2010.02.03"]
[Round "4.12"]
[White "Walshaw, David"]
[Black "Jones, Sidney A"]
[Result "1-0"]
[WhiteElo "1640"]
[BlackElo "1472"]
[PlyCount "49"]
[EventDate "2010.01.31"]
[EventType "swiss"]
[EventRounds "5"]
[EventCountry "GGB"]
[SourceTitle "BritBase"]
[Source "www.saund.co.uk"]
[SourceDate "2018.02.10"]
[SourceVersion "1"]
[SourceVersionDate "2018.02.10"]
[SourceQuality "1"]

1. e4 e5 2. Nc3 Nf6 3. f4 d5 4. fxe5 Nxe4 5. Nf3 Nxc3 6. dxc3 Be6 7. Bf4 Be7 8.
Qd2 O-O 9. Nd4 a5 10. Be2 c6 11. O-O Nd7 12. Kh1 Nc5 13. Qe3 Ne4 14. Nxe6 fxe6
15. Qh3 Qd7 16. Bg4 Rf5 17. Bxf5 exf5 18. Rad1 Qe6 19. c4 Bc5 20. Be3 Bxe3 21.
Qxe3 Qxe5 22. cxd5 cxd5 23. Qb3 Re8 24. Rxd5 Nf2+ 25. Kg1 1-0

[Event "Gibtelecom AmatWk2 8th"]
[Site "Gibraltar"]
[Date "2010.02.03"]
[Round "4.13"]
[White "Ocana, Jeremy"]
[Black "Manetto, Luis"]
[Result "1-0"]
[WhiteElo "1000"]
[BlackElo "1590"]
[PlyCount "75"]
[EventDate "2010.01.31"]
[EventType "swiss"]
[EventRounds "5"]
[EventCountry "GGB"]
[SourceTitle "BritBase"]
[Source "www.saund.co.uk"]
[SourceDate "2018.02.10"]
[SourceVersion "1"]
[SourceVersionDate "2018.02.10"]
[SourceQuality "1"]

1. e4 c5 2. Nf3 d6 3. d4 cxd4 4. Nxd4 Nf6 5. Nc3 a6 6. Bd3 e5 7. Nb3 Be6 8. f4
Nc6 9. Be3 Be7 10. h3 d5 11. Bd2 d4 12. Na4 b5 13. Nac5 Bxb3 14. Nxb3 Qc7 15.
Qf3 Nb4 16. O-O-O Nxa2+ 17. Kb1 Nb4 18. fxe5 Qxe5 19. Bf4 Qe6 20. e5 Nfd5 21.
Nxd4 Qb6 22. Be4 Rd8 23. Nf5 Nxf4 24. Rxd8+ Qxd8 25. Qxf4 O-O 26. Nxe7+ Qxe7
27. Qf5 g6 28. Qf6 Qxf6 29. exf6 Rd8 30. Kc1 a5 31. Re1 h5 32. h4 Rd6 33. Rf1
Na6 34. Bd3 Nc7 35. Rf4 b4 36. b3 Nd5 37. Rd4 Rxf6 38. Rxd5 1-0

[Event "Gibtelecom AmatWk2 8th"]
[Site "Gibraltar"]
[Date "2010.02.03"]
[Round "4.14"]
[White "Cox, Marian"]
[Black "Brooks, Harry"]
[Result "0-1"]
[WhiteElo "1384"]
[BlackElo "1552"]
[PlyCount "72"]
[EventDate "2010.01.31"]
[EventType "swiss"]
[EventRounds "5"]
[EventCountry "GGB"]
[SourceTitle "BritBase"]
[Source "www.saund.co.uk"]
[SourceDate "2018.02.10"]
[SourceVersion "1"]
[SourceVersionDate "2018.02.10"]
[SourceQuality "1"]

1. e4 e6 2. f4 d5 3. d3 dxe4 4. dxe4 Qxd1+ 5. Kxd1 Nf6 6. Bd3 Ng4 7. Ke2 Bc5 8.
Nh3 Nc6 9. c3 O-O 10. b4 Bb6 11. a4 a5 12. b5 Ne7 13. c4 c6 14. Nc3 Bd4 15. Bb2
e5 16. f5 Nf6 17. Raf1 Kh8 18. Kd1 Rd8 19. Kc2 cxb5 20. cxb5 Bd7 21. Ng5 Kg8
22. Nf3 Rac8 23. Kb3 Be8 24. Kc2 Ng4 25. Be2 Bxc3 26. Bxc3 Ne3+ 27. Kb3 Nxf1
28. Rxf1 f6 29. Bxa5 Bf7+ 30. Kb2 Rd7 31. Bc3 Bc4 32. Ng1 Bxe2 33. Nxe2 Rc4 34.
Kb3 Rxe4 35. Ng3 Re3 36. Kb4 Nd5+ 0-1

[Event "Gibtelecom AmatWk2 8th"]
[Site "Gibraltar"]
[Date "2010.02.03"]
[Round "4.15"]
[White "Cramling Bellon, Anna Yolanda"]
[Black "Oliva Parra, Ernesto"]
[Result "0-1"]
[WhiteElo "1000"]
[BlackElo "1000"]
[PlyCount "70"]
[EventDate "2010.01.31"]
[EventType "swiss"]
[EventRounds "5"]
[EventCountry "GGB"]
[SourceTitle "BritBase"]
[Source "www.saund.co.uk"]
[SourceDate "2018.02.10"]
[SourceVersion "1"]
[SourceVersionDate "2018.02.10"]
[SourceQuality "1"]

1. e4 e5 2. Nf3 Nc6 3. Bb5 Qf6 4. O-O Bc5 5. Nc3 Nge7 6. Nd5 Nxd5 7. exd5 Nd4
8. Nxd4 Bxd4 9. c3 Bb6 10. Qe2 c6 11. Bc4 d6 12. d4 O-O 13. dxc6 Re8 14. Bd3 e4
15. Bxe4 d5 16. f3 dxe4 17. fxe4 Qg6 18. Qc2 bxc6 19. Kh1 Bc7 20. Re1 Qh5 21.
h3 Bb7 22. Qb3 c5 23. Qxb7 Bb6 24. d5 Qe5 25. Rf1 Rf8 26. Rf4 Qh5 27. Rg4 Rae8
28. c4 Qe5 29. Rb1 Bc7 30. g3 h5 31. Bf4 Qxe4+ 32. Kh2 Qxb1 33. Qxc7 hxg4 34.
hxg4 Re2+ 35. Kh3 Qh1# 0-1

[Event "Gibtelecom AmatWk2 8th"]
[Site "Gibraltar"]
[Date "2010.02.03"]
[Round "4.16"]
[White "Mena Berenguer, Francisco"]
[Black "Jacobsen, Caroline Beer"]
[Result "0-1"]
[WhiteElo "1000"]
[BlackElo "1300"]
[PlyCount "74"]
[EventDate "2010.01.31"]
[EventType "swiss"]
[EventRounds "5"]
[EventCountry "GGB"]
[SourceTitle "BritBase"]
[Source "www.saund.co.uk"]
[SourceDate "2018.02.10"]
[SourceVersion "1"]
[SourceVersionDate "2018.02.10"]
[SourceQuality "1"]

1. e4 e5 2. Nf3 Nc6 3. Bb5 a6 4. Bxc6 dxc6 5. Nxe5 Qd4 6. Nf3 Qxe4+ 7. Qe2
Qxe2+ 8. Kxe2 Bg4 9. d3 Bxf3+ 10. Kxf3 Bc5 11. Re1+ Ne7 12. Ke2 O-O-O 13. Kf1
Nf5 14. c3 Rxd3 15. b4 Bb6 16. Bb2 Rhd8 17. Na3 Rd2 18. Nc4 Rxf2+ 19. Kg1 Rxb2+
20. Nxb6+ cxb6 21. Rf1 Ne3 22. Rf2 Rd1+ 23. Rxd1 Rxf2 24. Kxf2 Nxd1+ 25. Kf3
Nxc3 26. a3 Nb1 27. a4 Nc3 28. a5 bxa5 29. bxa5 Kd7 30. g4 Kd6 31. h4 Nb5 32.
Kf4 c5 33. Kf5 Kd5 34. g5 c4 35. h5 c3 36. h6 g6+ 37. Kf6 c2 0-1

[Event "Gibtelecom AmatWk2 8th"]
[Site "Gibraltar"]
[Date "2010.02.03"]
[Round "4.17"]
[White "Knight Gonzalez, Carlos"]
[Black "Cox, Reginald"]
[Result "1/2-1/2"]
[WhiteElo "1000"]
[BlackElo "1352"]
[PlyCount "68"]
[EventDate "2010.01.31"]
[EventType "swiss"]
[EventRounds "5"]
[EventCountry "GGB"]
[SourceTitle "BritBase"]
[Source "www.saund.co.uk"]
[SourceDate "2018.02.10"]
[SourceVersion "1"]
[SourceVersionDate "2018.02.10"]
[SourceQuality "1"]

1. e4 c5 2. Nf3 d6 3. Bc4 e6 4. O-O Nf6 5. d3 Be7 6. Be3 O-O 7. Nbd2 Nc6 8. a3
a6 9. b4 b5 10. Bb3 cxb4 11. axb4 Nxb4 12. Nd4 Bb7 13. c4 bxc4 14. Nxc4 Nc6 15.
Nxc6 Bxc6 16. Nb6 Ra7 17. Bc4 a5 18. Nd5 Ra8 19. Bb6 Qd7 20. Nxe7+ Qxe7 21.
Rxa5 Rxa5 22. Bxa5 Ra8 23. Bb4 Nd7 24. Qg4 Ne5 25. Qg3 Rb8 26. Ba3 Qd7 27. Ba2
f6 28. d4 Nf7 29. Qg4 Ng5 30. Bxe6+ Nxe6 31. d5 Bxd5 32. exd5 Nf8 33. Qxd7 Nxd7
34. Bxd6 Rb2 1/2-1/2

[Event "Gibtelecom AmatWk2 8th"]
[Site "Gibraltar"]
[Date "2010.02.04"]
[Round "5.1"]
[White "Hannan, Peter"]
[Black "Salomon, Johan"]
[Result "1/2-1/2"]
[WhiteElo "1752"]
[BlackElo "1771"]
[PlyCount "24"]
[EventDate "2010.01.31"]
[EventType "swiss"]
[EventRounds "5"]
[EventCountry "GGB"]
[SourceTitle "BritBase"]
[Source "www.saund.co.uk"]
[SourceDate "2018.02.10"]
[SourceVersion "1"]
[SourceVersionDate "2018.02.10"]
[SourceQuality "1"]

1. e4 c5 2. Nf3 d6 3. Bb5+ Bd7 4. Bxd7+ Qxd7 5. O-O Nc6 6. c3 g6 7. d4 cxd4 8.
cxd4 Bg7 9. Nc3 e6 10. Be3 Nge7 11. Qa4 d5 12. Rfd1 Rd8 1/2-1/2

[Event "Gibtelecom AmatWk2 8th"]
[Site "Gibraltar"]
[Date "2010.02.04"]
[Round "5.2"]
[White "Edwards, Stephen A"]
[Black "Foran, Barry"]
[Result "1-0"]
[WhiteElo "1784"]
[BlackElo "1416"]
[PlyCount "71"]
[EventDate "2010.01.31"]
[EventType "swiss"]
[EventRounds "5"]
[EventCountry "GGB"]
[SourceTitle "BritBase"]
[Source "www.saund.co.uk"]
[SourceDate "2018.02.10"]
[SourceVersion "1"]
[SourceVersionDate "2018.02.10"]
[SourceQuality "1"]

1. e4 c6 2. d4 d5 3. e5 c5 4. c3 Nc6 5. Nf3 Bf5 6. Be2 e6 7. a3 Qb6 8. O-O Be7
9. b4 cxd4 10. cxd4 Rc8 11. Bb2 Nh6 12. Nc3 O-O 13. Rc1 Bg4 14. Na4 Qd8 15. Nc5
Bxf3 16. Bxf3 b6 17. Nb3 Nf5 18. g4 Nh4 19. Bh1 f5 20. f4 fxg4 21. Qxg4 Rf5 22.
Rf2 Qf8 23. Rfc2 h5 24. Qh3 Qe8 25. b5 Qg6+ 26. Bg2 Rcf8 27. bxc6 Rxf4 28. Kh1
Nxg2 29. Rxg2 Qe4 $4 (29... Rf1+ {mates}) 30. Nd2 Qh7 31. Qxe6+ R8f7 32. c7 Qd3
33. c8=Q+ Kh7 34. Qc2 Rf1+ 35. Nxf1 Rxf1+ 36. Rxf1 1-0

[Event "Gibtelecom AmatWk2 8th"]
[Site "Gibraltar"]
[Date "2010.02.04"]
[Round "5.3"]
[White "Coats, Jon R"]
[Black "Huba, Mark"]
[Result "1-0"]
[WhiteElo "1696"]
[BlackElo "1496"]
[PlyCount "89"]
[EventDate "2010.01.31"]
[EventType "swiss"]
[EventRounds "5"]
[EventCountry "GGB"]
[SourceTitle "BritBase"]
[Source "www.saund.co.uk"]
[SourceDate "2018.02.10"]
[SourceVersion "1"]
[SourceVersionDate "2018.02.10"]
[SourceQuality "1"]

1. Nf3 d5 2. c4 e6 3. g3 Nf6 4. b3 Nc6 5. Bg2 Rb8 6. Bb2 b5 7. cxd5 exd5 8. O-O
Bb7 9. d4 Be7 10. a3 a5 11. Nc3 b4 12. axb4 axb4 13. Na4 O-O 14. Nc5 Bxc5 15.
dxc5 Bc8 16. Ne5 Nxe5 17. Bxe5 Be6 18. Ra7 Rc8 19. c6 Ng4 20. Bf4 g5 21. Bd2
Ne5 22. Qc1 Qd6 23. Bxg5 Qxc6 24. Bf6 Qxc1 25. Rxc1 Nd7 26. Be7 Rfe8 27. Bxb4
c5 28. Ba3 Rb8 29. Bxd5 Bxd5 30. Rxd7 Bxb3 31. Rxc5 Be6 32. Rg5+ Kh8 33. Be7 h6
34. Bf6+ Kh7 35. Rg7+ Kh8 36. Rgxf7+ Kg8 37. Rg7+ Kf8 38. Rb7 Rbc8 39. Rh7 Rc1+
40. Kg2 Bd5+ 41. Kh3 Bxb7 42. Rxb7 Rxe2 43. Bg7+ Ke8 44. Bxh6 Rxf2 45. Bxc1 1-0

[Event "Gibtelecom AmatWk2 8th"]
[Site "Gibraltar"]
[Date "2010.02.04"]
[Round "5.4"]
[White "McGladdery, David G"]
[Black "Haddock, Paul"]
[Result "1/2-1/2"]
[WhiteElo "1664"]
[BlackElo "1793"]
[PlyCount "87"]
[EventDate "2010.01.31"]
[EventType "swiss"]
[EventRounds "5"]
[EventCountry "GGB"]
[SourceTitle "BritBase"]
[Source "www.saund.co.uk"]
[SourceDate "2018.02.10"]
[SourceVersion "1"]
[SourceVersionDate "2018.02.10"]
[SourceQuality "1"]

1. Nf3 c5 2. c4 Nf6 3. e3 Nc6 4. Be2 d6 5. O-O g6 6. Nc3 Bg7 7. d4 b6 8. d5 Nb8
9. e4 Bg4 10. e5 dxe5 11. Nxe5 Bxe2 12. Qxe2 Nfd7 13. Nc6 Nxc6 14. dxc6 Ne5 15.
Bh6 Nf3+ 16. Qxf3 Bxh6 17. Rad1 Qc8 18. c7 O-O 19. Nd5 Re8 20. Nxe7+ Rxe7 21.
Rd8+ Qxd8 22. cxd8=Q+ Rxd8 23. b3 Rd2 24. a4 Ree2 25. g3 Rb2 26. Rd1 Red2 27.
Rxd2 Bxd2 28. Qd1 h5 29. h3 Kg7 30. Kf1 Bc3 31. Kg2 Bd4 32. Kf3 Rxf2+ 33. Ke4
f5+ 34. Kd5 Kf6 35. g4 hxg4 36. hxg4 f4 37. b4 f3 38. b5 Kg5 39. Qd3 Kxg4 40.
Qxg6+ Kh3 41. Ke4 Rf1 42. Qh5+ Kg2 43. Qg4+ Kh2 44. Qh4+ 1/2-1/2

[Event "Gibtelecom AmatWk2 8th"]
[Site "Gibraltar"]
[Date "2010.02.04"]
[Round "5.5"]
[White "Candano Gonzalez, Alvaro"]
[Black "Bath, Tom"]
[Result "1-0"]
[WhiteElo "1540"]
[BlackElo "1424"]
[PlyCount "89"]
[EventDate "2010.01.31"]
[EventType "swiss"]
[EventRounds "5"]
[EventCountry "GGB"]
[SourceTitle "BritBase"]
[Source "www.saund.co.uk"]
[SourceDate "2018.02.10"]
[SourceVersion "1"]
[SourceVersionDate "2018.02.10"]
[SourceQuality "1"]

1. e4 c5 2. d4 cxd4 3. c3 d3 4. Bxd3 e5 5. Nf3 Nc6 6. Qb3 h6 7. Bc4 Qe7 8. Bd5
Nf6 9. Nh4 Nxd5 10. Nf5 Qe6 11. Qxd5 Qxd5 12. exd5 g6 13. Ne3 Ne7 14. c4 d6 15.
Nc3 a6 16. Ne4 Ng8 17. g3 f5 18. Nd2 Nf6 19. f3 Bd7 20. b3 Bg7 21. Ba3 f4 22.
Nc2 e4 23. fxe4 Nxe4 24. Nxe4 Bxa1 25. Nxd6+ Ke7 26. Nxa1 b5 27. Nxb5+ Kd8 28.
Nd6 Kc7 29. gxf4 Rh7 30. Nc2 Bf5 31. Nxf5 gxf5 32. Nd4 Re8+ 33. Ne6+ Kb7 34.
Rg1 Kb6 35. Bc5+ Ka5 36. Kf2 h5 37. Rg5 h4 38. Rxf5 h3 39. Kg3 Rg8+ 40. Rg5 Rc8
41. f5 Rhh8 42. Bd4 Rhe8 43. Bc3+ Kb6 44. Rg6 Kb7 45. f6 1-0